000 00972 a2200217 4500
003 Nust
005 20230315132650.0
010 _a 76006250
020 _a0914130013 :
040 _cNust
082 0 0 _a621.38932,WOR
100 1 _aWoram, John M.
_9110322
245 1 4 _aThe recording studio handbook /
_cJohn M. Woram ; with an introd. by Norman H. Crowhurst.
250 _a1st ed.
260 _aNew York
_bELAR Publishing co
_c1982.
300 _a526p
_bill. ;
_c24 cm.
505 _aSection.1 The Basics (Page-27), Section.2 Transducers: Microphones and Loudspeakers (Page-71), Section.3 Signal Processing Devices (Page-189), Section.4 Magnetic Recording (Page-245), Section.5 Noise and Noise Reduction (Page-309), Section.6 Recording Consoles (Page-339), Section.7 Recording Techniques (Page-369).
650 0 _aSound studios
_xHandbooks, manuals, etc.
_9110323
650 0 _aSound
_xRecording and reproducing
_xHandbooks, manuals, etc.
_9110324
942 _2ddc
_cBK
999 _c183314
_d183314